El acorde perdido: ensayos sobre la experiencia musical desde el Perú
Na minha lista:
| Autor principal: | |
|---|---|
| Formato: | Livro |
| Idioma: | espanhol |
| Publicado em: |
Lima
Pontificia Universidad Católica del Perú
2010
|
| Assuntos: | |
| Tags: |
Adicionar Tag
Sem tags, seja o primeiro a adicionar uma tag!
|
MARC
| LEADER | 00000cam a2200000 a 4500 | ||
|---|---|---|---|
| 001 | UCF2148 | ||
| 003 | CL-VaPUC | ||
| 008 | 120810e20100000PE |||||||||||||||||spa|d | ||
| 020 | |a 9789972429323 | ||
| 082 | 0 | 4 | |a Pe864 |b TOR |2 21 |
| 100 | 0 | |a Torres Arancivia, Eduardo |e author |9 563776 | |
| 245 | 1 | 3 | |a El acorde perdido: ensayos sobre la experiencia musical desde el Perú |
| 300 | |a 212 p | ||
| 942 | |c BK | ||
| 945 | |d 20120810 00:00:00 |a dcastane | ||
| 260 | |a Lima |b Pontificia Universidad Católica del Perú |c 2010 | ||
| 650 | 0 | |a Ensayos peruanos |9 319037 | |
| 650 | 0 | |a Música |9 306269 | |
| 583 | |a last modification |c 20120810 11:35:00 |k Rodrigo Vera | ||
| 999 | |c 348794 |d 348792 | ||
| 952 | |0 0 |1 0 |4 0 |6 PE_864_000000000000000_TOR_2010 |7 0 |8 X |9 450970 |a FDOMLP |b FDOMLP |d 2019-11-22 |i 4891511 |o Pe864 TOR 2010 |p 4891511 |r 2019-11-22 |w 2019-11-22 |y BK_X |k BU2 | ||